000 00443nam a2200181Ia 4500
001 7579
005 20260306160505.0
008 260306t2020||||xx |||||||||||||| ||spa||
041 _aESP
082 _a351.85
_bG98 T. 2
100 _aGuzmán Napurí, Christian
_eAUT
245 0 _aProcedimiento administrativo general
260 _c2020
300 _a527 páginas :
_c25 cm.
650 _aGEN
654 _aCAN
942 _cLIB
_dJUS
_fJUS
_2ddc
_n
999 _c7579
_d7579